Normal view
MARC view
- Bach, R
Entry Personal Name
001 - CONTROL NUMBER
- control field: 66369
003 - CONTROL NUMBER IDENTIFIER
- control field: OSt
005 - DATE AND TIME OF LATEST TRANSACTION
- control field: 20220806111039.0
008 - FIXED-LENGTH DATA ELEMENTS
- fixed length control field: 220806|| aca||aabn | a|a d
040 ## - CATALOGING SOURCE
- Original cataloging agency: OSt
- Transcribing agency: OSt
100 ## - HEADING--PERSONAL NAME
- Personal name: Bach, R
670 ## - SOURCE DATA FOUND
- Source citation: Work cat.: (OSt)37510: Bach, R., Jonathan Livingston Seagull: A Story, 2003